[Event "Let's Play Chess!"]
[Site "http://www.queenalice.com/game.php?id=60161"]
[Date "2006.3.29"]
[Round "-"]
[White "chesscole"]
[Black "dim_weasel"]
[Result "0-1"]
[WhiteElo "1348"]
[BlackElo "1684"]

1. e4 g6 2. h3 Bg7 3. Nf3 c5 4. Nc3 Nc6 5. Bc4 h6 6. O-O d6 7. d3 e6 8. Qd2 Nge7
9. b3 a6 10. Bb2 b5 11. Bxb5 axb5 12. Rab1 b4 13. Na4 Bxb2 14. Rxb2 Bd7 15. Re1
Na7 16. d4 Bxa4 17. bxa4 Nac6 18. d5 Na5 19. dxe6 fxe6 20. c3 bxc3 21. Qxc3 Kf7
22. g4 Nac6 23. g5 Ne5 24. Nxe5+ dxe5 25. Qxc5 Qd4 26. Qxd4 exd4 27. Rb4 hxg5
0-1

[Event "Challenge"]
[Site "http://www.queenalice.com/game.php?id=60323"]
[Date "2006.3.30"]
[Round "-"]
[White "manga"]
[Black "dim_weasel"]
[Result "0-1"]
[WhiteElo "1500"]
[BlackElo "1758"]

1. e4 g6 2. b4 Bg7 3. c3 d6 4. h4 Nf6 5. d3 Nxe4 6. dxe4 O-O 7. Rh3 Bxh3 8. gxh3
Nd7 9. a4 a5 10. b5 Nf6 11. Bg2 Rb8 12. c4 Nxe4 13. Bxe4 Bxa1 14. Qg4 f5 15.
Bd5+ Kh8 16. Qe2 e6 17. Qxe6 Re8 18. Nf3 Rxe6+ 19. Bxe6 Qe7 20. Ng5 h6 21. Nf7+
Kh7 22. Be3 Qxe6 23. Nxh6 f4 24. Ng4 fxe3 25. fxe3 Qxc4 26. Nf2 Qb4+ 27. Nd2 Bc3
28. Nd3 Bxd2+ 29. Ke2 Qc3 30. e4 Re8 31. Kf3 Qxd3+ 32. Kg4 Rxe4# 0-1

[Event "Let's Play Chess!"]
[Site "http://www.queenalice.com/game.php?id=61475"]
[Date "2006.4.5"]
[Round "-"]
[White "dim_weasel"]
[Black "Xavier"]
[Result "1-0"]
[WhiteElo "1513"]
[BlackElo "1541"]

1. c4 d5 2. Nf3 dxc4 3. Na3 Be6 4. Qa4+ Qd7 5. Qxd7+ Nxd7 6. e3 O-O-O 7. Nxc4
Nc5 8. Nd4 Bxc4 9. Bxc4 e6 10. b4 Na4 11. a3 c5 12. bxc5 Nxc5 13. a4 g6 14. Ba3
Nh6 15. O-O e5 16. Nf3 e4 17. Nd4 f5 18. Rfc1 Kb8 19. Bxc5 Bxc5 20. Ne6 Rc8 21.
Nxc5 Rxc5 22. d4 Rc6 23. Bd5 Rxc1+ 24. Rxc1 Rc8 25. Rxc8+ Kxc8 26. h3 Kc7 27.
Kf1 b6 28. Ke2 Kd6 29. Bc4 g5 30. f3 exf3+ 31. Kxf3 g4+ 32. Kf4 gxh3 33. gxh3
Ke7 34. Kg5 Nf7+ 35. Bxf7 Kxf7 36. Kxf5 h6 37. Ke4 Ke6 38. Kd3 Kd6 39. Kc4 a6
40. e4 Kc6 41. h4 Kd6 42. h5 Ke6 43. e5 b5+ 44. axb5 axb5+ 45. Kxb5 Kd5 46. Kb4
Ke6 47. Kc3 Kf5 48. Kd3 Ke6 49. Ke4 Ke7 50. Kf5 1-0

[Event "Challenge"]
[Site "http://www.queenalice.com/game.php?id=61854"]
[Date "2006.4.7"]
[Round "-"]
[White "TigraoSC"]
[Black "dim_weasel"]
[Result "0-1"]
[WhiteElo "1325"]
[BlackElo "1758"]

1. d4 Nf6 2. Nf3 c5 3. dxc5 Qa5+ 4. Bd2 Qxc5 5. Be3 Qa5+ 6. Bd2 Qb6 7. Nc3 Nc6
8. e4 g6 9. Nd5 Nxd5 10. exd5 Nb8 11. b3 Bg7 12. c3 O-O 13. Bc4 d6 14. Be3 Qd8
15. Qd3 Bf5 16. Qd2 Re8 17. Nh4 Qc8 18. O-O Bd7 19. Bf4 b5 20. Bd3 Bxc3 21. Qc1
Bf6 22. g3 Qb7 23. Be4 Rc8 24. Qe3 Bh3 25. Rfc1 Nd7 26. Bg2 Bxg2 27. Kxg2 Bxa1
28. Rxa1 Qxd5+ 29. Qf3 Qxf3+ 30. Nxf3 f6 31. Re1 Kf7 32. Nd4 a6 33. Bh6 e5 34.
Nf3 d5 35. Rd1 d4 36. Nxd4 exd4 37. Rxd4 Rd8 38. Bd2 Ne5 39. Rxd8 Rxd8 40. Bf4
Ke6 41. Bxe5 Kxe5 42. f3 Rd2+ 43. Kh3 Rxa2 44. f4+ Ke4 45. Kh4 Rxh2+ 46. Kg4 h5#
0-1

[Event "Let's Play Chess!"]
[Site "http://www.queenalice.com/game.php?id=65899"]
[Date "2006.4.28"]
[Round "-"]
[White "tao"]
[Black "dim_weasel"]
[Result "0-1"]
[WhiteElo "1595"]
[BlackElo "1693"]

1. c4 Nf6 2. g3 c5 3. Bg2 Nc6 4. Nc3 g6 5. e4 Bg7 6. Nge2 O-O 7. O-O d6 8. d3 a6
9. a3 Rb8 10. Rb1 b5 11. cxb5 axb5 12. b4 cxb4 13. axb4 Bg4 0-1

[Event "Let's Play Chess!"]
[Site "http://www.queenalice.com/game.php?id=66056"]
[Date "2006.4.29"]
[Round "-"]
[White "alecarbar"]
[Black "dim_weasel"]
[Result "0-1"]
[WhiteElo "1350"]
[BlackElo "1770"]

1. e4 g6 2. Nf3 c5 3. Nc3 Bg7 4. Bb5 a6 5. Bc4 e6 6. O-O b5 7. Be2 Bb7 8. e5 Nc6
9. Ng5 Qxg5 10. d3 Qxe5 11. Ne4 Nd4 12. Bg4 f5 13. Nd6+ Qxd6 14. Bf3 Nxf3+ 15.
gxf3 Be5 16. f4 Bxf4 0-1

[Event "Challenge"]
[Site "http://www.queenalice.com/game.php?id=67156"]
[Date "2006.5.6"]
[Round "-"]
[White "hollis1us"]
[Black "dim_weasel"]
[Result "1-0"]
[WhiteElo "1384"]
[BlackElo "1744"]

1. e4 d6 2. d4 g6 3. Bd2 Bg7 4. Bc3 Nf6 5. Nd2 O-O 6. h3 Nbd7 7. Ngf3 Nb6 8. b3
a5 9. a4 Nfd7 10. Bc4 Nxc4 11. Nxc4 b6 12. Qd2 Bb7 13. Qe2 c5 14. O-O Qc7 15. e5
Bxf3 16. Qxf3 cxd4 17. Bxd4 dxe5 18. Bb2 Nc5 19. Qe3 e4 20. Bxg7 Kxg7 21. Rfd1
Rad8 22. Rd4 e5 23. Rd2 Rxd2 24. Nxd2 f5 25. Qc3 Kf6 26. Rd1 Ne6 27. Qxc7 Nxc7
28. Nc4 b5 29. Na3 bxa4 30. bxa4 Ke6 31. Nc4 Nd5 32. Nxa5 Ra8 33. Nb3 Rc8 34.
Rd2 e3 35. fxe3 Nxe3 36. a5 Rxc2 37. Rxc2 Nxc2 38. a6 1-0

[Event "Let's Play Chess!"]
[Site "http://www.queenalice.com/game.php?id=69332"]
[Date "2006.5.15"]
[Round "-"]
[White "dim_weasel"]
[Black "renard"]
[Result "1-0"]
[WhiteElo "1669"]
[BlackElo "1040"]

1. c4 e5 2. Nc3 Bb4 3. Nd5 c6 4. Nxb4 Ne7 5. g3 Na6 6. Nxa6 bxa6 7. Bg2 Nf5 8.
e3 O-O 9. Ne2 d5 10. Qa4 Bd7 11. cxd5 cxd5 12. Qxa6 Qc7 13. Bxd5 Qc2 14. Qc4 Ba4
15. Qxc2 Bxc2 16. Bxa8 Rxa8 17. O-O g5 18. b3 Bd3 19. Re1 Rc8 20. Bb2 f6 21.
Rac1 Rf8 22. Nc3 1-0

[Event "Let's Play Chess!"]
[Site "http://www.queenalice.com/game.php?id=73241"]
[Date "2006.5.31"]
[Round "-"]
[White "dim_weasel"]
[Black "andbra"]
[Result "0-1"]
[WhiteElo "1671"]
[BlackElo "2041"]

1. c4 Nf6 2. Nf3 g6 3. b4 Bg7 4. Bb2 d6 5. g3 e5 6. d3 O-O 7. Bg2 Nh5 8. O-O e4
9. Bxg7 exf3 10. Bxf8 fxg2 11. Kxg2 Qxf8 12. Nc3 Nf6 13. Qd2 Be6 14. f4 Qh6 15.
Rfd1 Nc6 16. a3 Qh3+ 17. Kg1 Nd4 18. Qe1 Ng4 0-1

[Event "geraldo"]
[Site "http://www.queenalice.com/game.php?id=73375"]
[Date "2006.5.31"]
[Round "-"]
[White "gerajpb"]
[Black "dim_weasel"]
[Result "1-0"]
[WhiteElo "1744"]
[BlackElo "1693"]

1. e4 d6 2. d4 g6 3. Nc3 Bg7 4. Nf3 a6 5. Be2 b5 6. O-O Bb7 7. Qd3 Nd7 8. Bg5 h6
9. Be3 Ngf6 10. e5 dxe5 11. dxe5 Ng4 12. e6 Ndf6 13. exf7+ Kxf7 14. Rad1 Qxd3
15. Rxd3 Nxe3 16. Ne5+ Kg8 17. Rxe3 Kh7 18. Bd3 Nh5 19. Bxg6+ Kg8 20. Bxh5 Bxe5
21. Rxe5 Rh7 22. Rd1 Rg7 23. Nd5 Kh8 24. Rxe7 Rd8 25. Rxg7 Kxg7 26. Nxc7 1-0

[Event "Let's Play Chess!"]
[Site "http://www.queenalice.com/game.php?id=74079"]
[Date "2006.6.3"]
[Round "-"]
[White "dim_weasel"]
[Black "ENDHER"]
[Result "0-1"]
[WhiteElo "1669"]
[BlackElo "2230"]

1. c4 e5 2. g3 Nc6 3. Bg2 g6 4. Nc3 Bg7 5. e4 d6 6. Nge2 Nf6 7. O-O Nd4 8. Nxd4
exd4 9. Nd5 Nd7 10. d3 c6 11. Nf4 Ne5 12. Ne2 O-O 13. Nxd4 Qb6 14. Nb3 f5 15.
Be3 Qa6 16. Qc2 fxe4 17. Bxe4 Bh3 18. Rfe1 Nf3+ 19. Bxf3 Rxf3 20. Nd2 Rff8 21.
a4 Rae8 22. Rab1 c5 23. b4 Qc6 24. f3 cxb4 25. Rxb4 Rxe3 26. Rxe3 Bd4 0-1

[Event "Let's Play Chess!"]
[Site "http://www.queenalice.com/game.php?id=80636"]
[Date "2006.6.27"]
[Round "-"]
[White "luizmortagua"]
[Black "dim_weasel"]
[Result "0-1"]
[WhiteElo "1569"]
[BlackElo "1669"]

1. c4 Nf6 2. Nc3 g6 3. g3 Nc6 4. Nf3 d6 5. d4 Bg7 6. Bg2 Nd7 7. e4 Nb6 8. b3 Bg4
9. Be3 e5 10. d5 Nd4 11. h3 Bxf3 12. Bxf3 O-O 13. Nb5 Nxf3+ 14. Qxf3 f5 15. Bxb6
axb6 16. Ke2 c6 17. Nc3 Bh6 18. Qg2 b5 19. g4 fxg4 20. hxg4 Qg5 21. Rhd1 b4 22.
Nb1 Rf4 0-1

[Event "Let's Play Chess!"]
[Site "http://www.queenalice.com/game.php?id=81578"]
[Date "2006.7.2"]
[Round "-"]
[White "dim_weasel"]
[Black "Cronos"]
[Result "1-0"]
[WhiteElo "1681"]
[BlackElo "1548"]

1. c4 e5 2. g3 d6 3. b4 Be6 4. d3 d5 5. Bg2 c6 6. c5 d4 7. e4 dxe3 8. Bxe3 g6 9.
Nf3 f6 10. O-O Bf5 11. d4 Bg7 12. dxe5 Qxd1 13. Rxd1 fxe5 14. Nc3 e4 15. Nd4 Ne7
16. Rac1 Na6 17. a3 O-O 18. Nxe4 Bxe4 19. Bxe4 Bxd4 20. Rxd4 b5 21. cxb6 axb6
22. Bxc6 Nxc6 23. Rxc6 Nb8 24. Rxb6 Rxa3 25. b5 Ra7 26. Rbd6 Rb7 27. R4d5 Rff7
28. Bh6 Rfd7 29. Rf6 1-0

[Event "Let's Play Chess!"]
[Site "http://www.queenalice.com/game.php?id=82877"]
[Date "2006.7.6"]
[Round "-"]
[White "dim_weasel"]
[Black "Alexandredasilvagomes"]
[Result "1-0"]
[WhiteElo "1684"]
[BlackElo "1313"]

1. c4 e5 2. g3 Nf6 3. Bg2 Bc5 4. e3 O-O 5. Ne2 c6 6. O-O d5 7. cxd5 cxd5 8. a3
Be6 9. b4 Bb6 10. Nbc3 Nc6 11. Na4 Bc7 12. Nc5 Bg4 13. Nxb7 1-0

[Event "Let's Play Chess!"]
[Site "http://www.queenalice.com/game.php?id=87691"]
[Date "2006.7.20"]
[Round "-"]
[White "dim_weasel"]
[Black "Girb"]
[Result "0-1"]
[WhiteElo "1698"]
[BlackElo "1709"]

1. c4 c6 2. g3 d5 3. Bg2 dxc4 4. Na3 Be6 5. Qc2 Qd4 6. Nf3 Qd5 7. e4 Qd3 8. Qxd3
cxd3 9. Ne5 Na6 10. Nxd3 Rd8 11. Nf4 Bg4 12. f3 Bc8 13. Nc2 e5 14. Ne2 Nf6 15.
d4 Nb4 16. Nxb4 Bxb4+ 17. Bd2 Bxd2+ 18. Kxd2 exd4 19. b4 h5 20. h4 Rg8 21. Kd3
b6 22. Rac1 Ba6+ 23. Kd2 d3 24. Nf4 Bb5 25. Bf1 g5 26. Nxd3 g4 27. e5 Nd5 28. a4
Bxd3 29. Bxd3 Nxb4 0-1

[Event "Let's Play Chess!"]
[Site "http://www.queenalice.com/game.php?id=89465"]
[Date "2006.7.25"]
[Round "-"]
[White "chess99"]
[Black "dim_weasel"]
[Result "1-0"]
[WhiteElo "1983"]
[BlackElo "1692"]

1. Nf3 g6 2. g3 Bg7 3. Bg2 Nf6 4. O-O O-O 5. c4 c5 6. Nc3 Nc6 7. d4 Nxd4 8. Nxd4
a6 9. Nf3 Rb8 10. e4 d6 11. Be3 Bd7 12. Qc2 Bc6 13. Nd5 Bxd5 14. exd5 Nd7 15.
Rfe1 Re8 16. Rab1 b5 17. b3 b4 18. Bc1 Ne5 19. Nxe5 Bxe5 20. Bb2 Bxb2 21. Rxb2
Qc7 22. Qd2 Kg7 23. Qg5 Rb7 24. Rbe2 Qd8 25. Qd2 Ra7 26. h4 h5 27. Be4 Qd7 28.
Qg5 Qg4 29. Qxg4 hxg4 30. Bg2 Kh6 31. f3 gxf3 32. Bxf3 a5 33. g4 f6 34. g5+ fxg5
35. hxg5+ Kxg5 36. Rg2+ Kf6 37. Re6+ 1-0

[Event "Let's Play Chess!"]
[Site "http://www.queenalice.com/game.php?id=92121"]
[Date "2006.8.3"]
[Round "-"]
[White "dim_weasel"]
[Black "rubenov"]
[Result "1-0"]
[WhiteElo "1688"]
[BlackElo "1799"]

1. c4 e5 2. g3 Nf6 3. Bg2 Bc5 4. e3 d6 5. b4 Bb6 6. Ne2 c6 7. Nbc3 Bf5 8. O-O
Bd3 9. Re1 Bxc4 10. d3 Be6 11. b5 d5 12. bxc6 Nxc6 13. Ba3 Ne7 14. Na4 Bc7 15.
Nc5 Bc8 16. Qa4+ Nd7 17. Nc3 O-O 18. Nxd7 Bxd7 19. Qb3 d4 20. exd4 1-0

[Event "Let's Play Chess!"]
[Site "http://www.queenalice.com/game.php?id=94754"]
[Date "2006.8.12"]
[Round "-"]
[White "frankcasadio"]
[Black "dim_weasel"]
[Result "0-1"]
[WhiteElo "1724"]
[BlackElo "1708"]

1. e4 g6 2. Nf3 Bg7 3. d4 d6 4. Bc4 Nf6 5. O-O Nxe4 6. Re1 Nf6 7. Bg5 h6 8. Bh4
g5 9. Bg3 Nh5 10. Nc3 O-O 11. h3 Nxg3 12. fxg3 Bf5 13. h4 g4 14. Nh2 h5 15. Bd3
Qd7 16. Nd5 Bxd4+ 17. Kh1 Be6 0-1

[Event "Let's Play Chess!"]
[Site "http://www.queenalice.com/game.php?id=95264"]
[Date "2006.8.13"]
[Round "-"]
[White "dim_weasel"]
[Black "Knighty13"]
[Result "1-0"]
[WhiteElo "1725"]
[BlackElo "1784"]

1. c4 e6 2. g3 d5 3. Bg2 Nf6 4. Nf3 c5 5. O-O Nc6 6. d3 Be7 7. a3 O-O 8. b3 Re8
9. Bb2 Bd7 10. Ne5 Nxe5 11. Bxe5 Rc8 12. cxd5 Nxd5 13. Qd2 Bc6 14. Nc3 Bd6 15.
Bxd6 Qxd6 16. Ne4 Qe7 17. Qb2 Nf6 18. Nxf6+ Qxf6 19. Qxf6 gxf6 20. a4 b6 21. f4
Bxg2 22. Kxg2 Kh8 23. a5 Rg8 24. axb6 axb6 25. Ra7 Rg7 26. Rb7 Rc6 27. Ra1 f5
28. Ra6 h5 29. Rbxb6 Rxb6 30. Rxb6 h4 31. Rc6 hxg3 32. hxg3 Rg8 33. Rxc5 Rb8 34.
Rc3 Kg8 35. Kf3 Kf8 36. e4 fxe4+ 37. dxe4 Ke7 38. e5 f6 39. exf6+ Kxf6 40. g4
Kg6 41. Re3 Rb6 42. Kg3 Kh6 43. Kh4 Kg6 44. Re4 Rxb3 45. Rxe6+ Kg7 46. f5 Rb1
47. Kg5 Kf7 48. Ra6 Rb7 49. Rf6+ Kg7 50. Rg6+ Kf7 51. Rh6 Kg8 52. Kg6 Rb6+ 53.
f6 Ra6 54. g5 Rb6 55. Rh2 Kf8 56. Rh8# 1-0